000
00445nam a2200145Ia 4500
008
100204s9999 xx 000 0 und d
082
_b
19256
100
_a
पवार रमेश
245
_a
आवाज कुणाचा
260
_b
"अर्चना प्रकाशन, मुंबई"
_c
1996
300
_a
132
630
_a
आवाज कुणाचा
730
_a
आवाज कुणाचा
942
_c
BOOK
999
_c
463678
_d
463675